000 00313nam a22001337a 4500
008 170825b xxu||||| |||| 00| 0 eng d
020 _a9780205477531
041 _aeng
080 _28 ED
_a070
100 _a40
101 _aMED
245 _aTHE MEDIA OF MASS COMUNICATION
_cVIVIAN.J
942 _2udc
_cBK
999 _c24974
_d24974